Catalogue des antiquités égyptiennes du Musée Joseph Déchelette.
Corporate Author:
Other Authors:
Format: Book
Language: French
Published:
Roanne :
Le Musée,
1990.
Subjects:
Tags: Add Tag
Call Number: DT58.9 .C383 1990
| LEADER | 00783namaa2200253 4500 | ||
|---|---|---|---|
| 001 | 13415 | ||
| 003 | OSt | ||
| 005 | 20260503052206.0 | ||
| 008 | 130303s1990 fr ab bc 000 0 fre d | ||
| 040 | |c ARCE Library | ||
| 043 | |a f-ua--- | ||
| 050 | 4 | |a DT58.9 .C383 1990 | |
| 245 | 0 | 0 | |a Catalogue des antiquités égyptiennes du Musée Joseph Déchelette. |
| 264 | 1 | |a Roanne : |b Le Musée, |c 1990. | |
| 300 | |a 317 pages : |b illustrations (some color), map ; |c 21 cm. | ||
| 500 | |a Catalog edited by Marc Gabolde. | ||
| 504 | |a Includes bibliographical references. | ||
| 610 | 2 | 0 | |a Musée Joseph Déchelette |v Catalogs. |
| 651 | 0 | |a Egypt |x Antiquities |v Catalogs. | |
| 700 | 1 | |a Gabolde, Marc. | |
| 710 | 2 | |a Musée Joseph Déchelette. | |
| 901 | |a reviewed | ||
| 942 | |c BK |2 lcc | ||
| 999 | |c 13310 |d 13310 | ||
